| 000 | 00823nam a22002297a 4500 | ||
|---|---|---|---|
| 999 |
_c15060 _d15060 |
||
| 003 | AR-CdUCM | ||
| 008 | 190425b ||||| |||| 00| 0 spa d | ||
| 020 | _a978-607-618-262-8 | ||
| 040 |
_aMUNICIPALIDAD PROVINCIAL DEL CUSCO _cBIBLIOTECA MUNICIPAL DEL CUSCO |
||
| 082 |
_aPI / 376.1 / _bB73 |
||
| 110 |
_aBookworks _933254 |
||
| 245 |
_aLos animales de la granja mamas y bebes : _bUna devertida historia para conocer a las mamas y bebes de los animales de la granja ! / |
||
| 260 |
_aMexico : _bBookworks, _c2014. |
||
| 300 |
_bIlustraciones, graficos, dibujos, piezas _c27 cm. |
||
| 500 | _aCuentos infantiles para niƱos | ||
| 650 |
_aHistoria _9136 |
||
| 650 |
_aCuento _94671 |
||
| 650 |
_aLiteratura _983 |
||
| 700 |
_aTorre Fernandez, Adriana de la _934073 |
||
| 942 |
_2ddc _cLIBROS |
||
| 945 |
_apjha _d2019-04-25 |
||